| 000 | 00000ngm 2200000zi 4500 |
| 001 | 9.954170 |
| 003 | CaOODSP |
| 005 | 20250826095950 |
| 006 | m o c f |
| 007 | cr cna|||a|||| |
| 008 | 250818e20241125onc005 fo vafre d |
| 040 | |aCaOODSP|bfre|erda|cCaOODSP |
| 043 | |an-cn--- |
| 086 | 1 |aCS89-200006/2024-3F-MP4 |
| 245 | 00|aLibérer la puissance du couplage de données. |
| 264 | 1|a[Ottawa] : |b[Statistique Canada = Statistics Canada], |c[le 25 novembre 2024] |
| 300 | |a1 ressource en ligne (1 fichier vidéo (4 min., 56 sec.)) : |bsonore, couleur |
| 336 | |aimage animée bidimensionnelle|btdi|2rdacontent/fre |
| 337 | |ainformatique|bc|2rdamedia/fre |
| 338 | |aressource en ligne|bcr|2rdacarrier/fre |
| 500 | |aPublié aussi en anglais sous le titre : Unlock the power of data linkage. |
| 500 | |aDisponible en streaming vidéo ou en fichier MP4 téléchargeable. |
| 520 | |a« Cette vidéo est destinée aux professionnels, aux décideurs politiques et aux chercheurs qui s'intéressent à la manière dont le couplage de données peut être utilisé pour obtenir des informations plus approfondies sur diverses questions. Elle montre comment la combinaison de données provenant de différentes sources peut aider à combler les lacunes en matière d'information, conduisant à des politiques mieux informées et à de meilleurs résultats » -- Fourni par l'éditeur. |
| 588 | |aDescription basée sur la ressource en ligne; titre de l'écran titre (Statistique Canada, consulté le 18 août 2025). |
| 650 | 6|aRecherche quantitative. |
| 650 | 6|aConfidentialité des données|zCanada. |
| 655 | 7|aVidéos sur Internet|2rvmgf |
| 655 | 7|aMatériel d'éducation et de formation|2rvmgf |
| 710 | 1 |aCanada.|bStatistique Canada, |eorganisme de publication. |
| 775 | 08|tUnlock the power of data linkage.|w(CaOODSP)9.953845 |
| 856 | 40|qMP4|s56.5 Mo|uhttps://publications.gc.ca/collections/collection_2025/statcan/892000062024003-fra.mp4 |
| 856 | 4 |qHTML|sS.O.|uhttps://www.statcan.gc.ca/fr/afc/litteratie-donnees/catalogue/892000062024003 |